000 00847nam a2200265 i 4500
001 15903
003 ES-MaACL
005 20230906151204.0
007 t|
008 000518s1999 sp ||||1| spa d
020 _a84-270-2506-8
080 _a929-055.2(4)"04/14"
080 _a82-97.09"04/14"
100 1 _aCirlot, Victoria.
_938900
245 1 3 _aLa mirada interior
_b: escritoras místicas y visionarias en la Edad Media /
_cVictoria Cirlot, Blanca Garí.
260 _aBarcelona :
_bMartínez Roca,
_c[1999]
300 _a317 p. ;
_c22 cm.
490 1 _aEl árbol del saber
650 1 4 _aEscritoras-
_yS.V-XV.
_912370
650 1 4 _aLiteratura religiosa-
_xAutoras-
_yS.V-XV.
_914658
700 1 _aGarí, Blanca.
_955542
830 0 _aEl árbol del saber
_9228618
852 _aES-MaACL
_jL-22880
_bR.128155
999 _c15903
_d15903